Analysis of Financial and Digital Literacy Aspects in Modern Economy: Combating Internet Disinformation and Hybrid Threats in OECD

Skúmanie schopnosti jednotlivcov bojovať proti internetovým pasciam, hoaxom a dezinformáciám v krajinách OECD, pričom sa analyzuje, ako jednotlivci identifikujú a odhaľujú dezinformácie a nepravdivé informácie online.

Enregistré dans:
Détails bibliographiques
Auteur principal: Korauš, Antonín
Autres auteurs: Lukáč, Jozef, 1991-, Mihalčová, Bohuslava, 1963-, Javorčík, Patrik, Kudlová, Zuzana, 1986-
Format: Chapitre de livre
Langue:anglais
Sujets:
Tags: Ajouter un tag
Pas de tags, Soyez le premier à ajouter un tag!

MARC

LEADER 00000naa a2200000 4500
001 0304562
005 20241031103154.1
041 0 |a eng 
044 |a GB 
245 1 0 |a Analysis of Financial and Digital Literacy Aspects in Modern Economy: Combating Internet Disinformation and Hybrid Threats in OECD  |c Antonín Korauš, Jozef Lukáč, Bohuslava Mihalčová, Patrik Javorčík, Zuzana Kudlová 
520 |a Skúmanie schopnosti jednotlivcov bojovať proti internetovým pasciam, hoaxom a dezinformáciám v krajinách OECD, pričom sa analyzuje, ako jednotlivci identifikujú a odhaľujú dezinformácie a nepravdivé informácie online. 
610 2 0 |a OECD 
610 2 0 |a dezinformácie 
610 2 0 |a internet 
610 2 0 |a hrozby hybridné 
610 2 0 |a gramotnosť 
610 2 0 |a gramotnosť finančná 
610 2 0 |a gramotnosť digitálna 
100 1 |a Korauš, Antonín 
700 1 |a Lukáč, Jozef, 1991- 
700 1 |a Mihalčová, Bohuslava, 1963- 
700 1 |a Javorčík, Patrik 
700 1 |a Kudlová, Zuzana, 1986-